00614nam a2200157 i 450000100060000000300090000600500170001500700030003200800410003510000400007624501620011626000620027830000210034071000630036185200320042421471ES-MaACL20231221152502.0t|021125s1925 sp ||||1| spa d1 aAlcalá Zamora, Niceto,d1877-194914aLos intentos del pacifismo contemporáneo b: disertaciones ante la Real Academia de Ciencias Morales y Políticas / cpor Niceto Alcalá-Zamora y Torres. aMadrid : b[s.n.], c1925 (fViuda e Hijos de J. Ratés) a62 p. ; c23 cm.2 aReal Academia de Ciencias Morales y Políticas (España) aES-MaACLj1508-F-1 bR.5251